000 00600nam a2200217 i 4500
001 147441
003 ES-MaACL
005 20260525062934.0
007 t|
008 071001q1957 sp a |||| | spa d
080 _a821.134.2-4"19"
100 1 _aUnamuno, Miguel de,
_d1864-1936
_9111982
245 1 0 _aContra esto y aquello /
_cMiguel de Unamuno.
250 _a4ª ed.
260 _aMadrid :
_bEspasa-Calpe,
_c1957.
300 _a149 p. ;
_c17 cm.
490 1 _aColección austral ;
_v233
830 1 _aColección austral
_v233
_9177655
852 _aES-MaACL
_jC-13483
999 _c147441
_d147441